|
|
|
|
| LEADER |
04364nam a2200529 4500 |
| 001 |
978-3-030-19139-9 |
| 003 |
DE-He213 |
| 005 |
20191028103102.0 |
| 007 |
cr nn 008mamaa |
| 008 |
190625s2019 gw | s |||| 0|eng d |
| 020 |
|
|
|a 9783030191399
|9 978-3-030-19139-9
|
| 024 |
7 |
|
|a 10.1007/978-3-030-19139-9
|2 doi
|
| 040 |
|
|
|d GrThAP
|
| 050 |
|
4 |
|a LC1395
|
| 050 |
|
4 |
|a LC1081-1087.4
|
| 072 |
|
7 |
|a JNM
|2 bicssc
|
| 072 |
|
7 |
|a EDU015000
|2 bisacsh
|
| 072 |
|
7 |
|a JNM
|2 thema
|
| 072 |
|
7 |
|a TB
|2 thema
|
| 082 |
0 |
4 |
|a 607.11
|2 23
|
| 245 |
1 |
0 |
|a Industry Integrated Engineering and Computing Education
|h [electronic resource] :
|b Advances, Cases, Frameworks, and Toolkits for Implementation /
|c edited by Mahmoud Abdulwahed, Abdelaziz Bouras, Laurent Veillard.
|
| 250 |
|
|
|a 1st ed. 2019.
|
| 264 |
|
1 |
|a Cham :
|b Springer International Publishing :
|b Imprint: Springer,
|c 2019.
|
| 300 |
|
|
|a XIII, 227 p. 57 illus., 43 illus. in color.
|b online resource.
|
| 336 |
|
|
|a text
|b txt
|2 rdacontent
|
| 337 |
|
|
|a computer
|b c
|2 rdamedia
|
| 338 |
|
|
|a online resource
|b cr
|2 rdacarrier
|
| 347 |
|
|
|a text file
|b PDF
|2 rda
|
| 505 |
0 |
|
|a Editorial Perspectives on Industry Integrated Engineering and Computing Education -- Models, Frameworks, and Tools for Translational Utilization in Constructing Industry and Social Needs in Engineering and Computing Education -- Lesson Study among engineering lecturers as a way to plan, implement, and improve new innovations in teaching and learning -- Part-time engineering masters programs: implementing real-life engineering problems as a mean of learning -- Secure BIM learning based on new information technology patterns -- Exploring the rotational onboarding programs for early-career engineers in practice -- Reverse engineering and straightforward design as tools to improve the teaching of mechanical engineering -- Teaching safety, health, and environment in engineering programs for millennials - Ethics is the basis -- Factors affecting the success of IT workforce development, a perspective from Thailand's IT supervisors and internship students -- A collaborative and interdisciplinary approach to bring closer a curriculum to local employer needs -- Towards a holistic approach of cybersecurity capacity building through an innovative transversal sandwich training -- Industry Integrated Education Toolkits for Academicians, Deduction from the Literature and the Book Global Cases -- Editorial Conclusions.
|
| 520 |
|
|
|a This book introduces recent global advances and innovations in industry integrated engineering and computing education to academics, program managers, department heads, and deans, and shares with readers a critical perspective on future potentials in industry integrated engineering education. It covers topics and issues such as integrated engineering and computing education, part-time engineering masters programs, secure BIM learning, ethics, and IT workforce development. The book concludes with detail information on summarizing and extracting different frameworks, cases, and models into a practitioner toolkit, along with pragmatic recommendations for engineering education academics to quickly utilize, adopt, and adapt the toolkits for their own curricular development activities.
|
| 650 |
|
0 |
|a Technical education.
|
| 650 |
|
0 |
|a Engineering-Vocational guidance.
|
| 650 |
|
0 |
|a Technology-History.
|
| 650 |
1 |
4 |
|a Engineering/Technology Education.
|0 http://scigraph.springernature.com/things/product-market-codes/O43000
|
| 650 |
2 |
4 |
|a Job Careers in Science and Engineering.
|0 http://scigraph.springernature.com/things/product-market-codes/T13009
|
| 650 |
2 |
4 |
|a History of Technology.
|0 http://scigraph.springernature.com/things/product-market-codes/T29000
|
| 700 |
1 |
|
|a Abdulwahed, Mahmoud.
|e editor.
|4 edt
|4 http://id.loc.gov/vocabulary/relators/edt
|
| 700 |
1 |
|
|a Bouras, Abdelaziz.
|e editor.
|4 edt
|4 http://id.loc.gov/vocabulary/relators/edt
|
| 700 |
1 |
|
|a Veillard, Laurent.
|e editor.
|4 edt
|4 http://id.loc.gov/vocabulary/relators/edt
|
| 710 |
2 |
|
|a SpringerLink (Online service)
|
| 773 |
0 |
|
|t Springer eBooks
|
| 776 |
0 |
8 |
|i Printed edition:
|z 9783030191382
|
| 776 |
0 |
8 |
|i Printed edition:
|z 9783030191405
|
| 776 |
0 |
8 |
|i Printed edition:
|z 9783030191412
|
| 856 |
4 |
0 |
|u https://doi.org/10.1007/978-3-030-19139-9
|z Full Text via HEAL-Link
|
| 912 |
|
|
|a ZDB-2-EDA
|
| 950 |
|
|
|a Education (Springer-41171)
|